Manual de la navegación del Río de la Plata y de sus principales afluentes (Record no. 157906)
[ view plain ]
| 000 -LEADER | |
|---|---|
| campo de control de longitud fija | 01317nam a2200277 i 4500 |
| 001 - NÚMERO DE CONTROL | |
| campo de control | 157906 |
| 003 - IDENTIFICADOR DE NÚMERO DE CONTROL | |
| campo de control | ES-MaACL |
| 005 - FECHA Y HORA DE LA ÚLTIMA TRANSACCIÓN | |
| campo de control | 20231226151432.0 |
| 008 - DATOS DE LONGITUD FIJA--INFORMACIÓN GENERAL | |
| campo de control de longitud fija | 990219s1868 sp ab |||| | spa d |
| 040 ## - FUENTE DE CATALOGACIÓN | |
| Centro catalogador/agencia de origen | CCPB | B |
| Lengua de catalogación | spa |
| Centro/agencia transcriptor | CCPB | B |
| 080 ## - NÚMERO DE LA CLASIFICACIÓN DECIMAL UNIVERSAL | |
| Número de la Clasificación Decimal Universal | 656.62(282.05 Río de la Plata) |
| 100 1# - ENTRADA PRINCIPAL--NOMBRE DE PERSONA | |
| Nombre de persona | Boucarut, A. |
| 9 (RLIN) | 166748 |
| 245 10 - MENCIÓN DEL TÍTULO | |
| Título | Manual de la navegación del Río de la Plata y de sus principales afluentes |
| Resto del título | : con instrucciones para su recalada y derrotas de ida y vuelta á Europa : según los documentos más fidedignos, nacionales y extranjeros / |
| Mención de responsabilidad, etc. | [escrito en francés por A. Boucarut] ; [adicionado] por Lobo y Riudavets. |
| 250 ## - MENCION DE EDICION | |
| Mención de edición | 2ª ed. ampl. e il. con una carta y vistas de la costa. |
| 260 ## - PUBLICACIÓN, DISTRIBUCIÓN, ETC. | |
| Lugar de publicación, distribución, etc. | Madrid : |
| Nombre del editor, distribuidor, etc. | [s.n.], |
| Fecha de publicación, distribución, etc. | 1868 ( |
| Fabricante | Est. Tip. de T. Fortanet) |
| 300 ## - DESCRIPCIÓN FÍSICA | |
| Extensión | XV, 333 p., 1 h. de mapa pleg. ; |
| Dimensiones | 23 cm. |
| 510 4# - NOTA DE CITAS O REFERENCIAS BIBLIOGRÁFICAS | |
| Nombre de la fuente | Palau, |
| Localización dentro de la fuente | 139516 |
| 597 ## - NOTA DE DESCRIPCIÓN FÍSICA | |
| NOTA DE DESCRIPCIÓN FÍSICA | Antep. |
| 599 ## - NOTA A LAS ILUSTRACIONES | |
| NOTA A LAS ILUSTRACIONES | La h. de map.: "J. Riudavets la delineó y grabó", representa la Carta del Río de la Plata con vistas de la Costa. |
| 651 #4 - PUNTO DE ACCESO ADICIONAL DE MATERIA--NOMBRE GEOGRÁFICO | |
| Nombre geográfico | Río de la Plata (Estuario)- |
| Subdivisión general | Navegación. |
| 9 (RLIN) | 159928 |
| 651 #4 - PUNTO DE ACCESO ADICIONAL DE MATERIA--NOMBRE GEOGRÁFICO | |
| Nombre geográfico | Río de la Plata (Región)- |
| Subdivisión de forma | Historia. |
| 9 (RLIN) | 137335 |
| 700 1# - ENTRADA AGREGADA--NOMBRE PERSONAL | |
| Nombre de persona | Riudavets y Tudury, Pedro. |
| 9 (RLIN) | 131843 |
| 700 1# - ENTRADA AGREGADA--NOMBRE PERSONAL | |
| Nombre de persona | Lobo, Miguel, |
| Fechas asociadas al nombre | 1821-1876 |
| 9 (RLIN) | 157683 |
| 852 ## - LOCALIZACIÓN | |
| Ubicación | ES-MaACL |
| Número de control de estantería | G-11311 |
| Nota libre | - Enc. hol. |
| Estatus retirado | Estado de pérdida | Estado de daño | No para préstamo | Colección | Biblioteca de origen | Biblioteca actual | Ubicación en estantería | Fecha de adquisición | Fuente de adquisición | Total de préstamos | Signatura topográfica completa | Código de barras | Visto por última vez | Precio de reemplazo | Tipo de ítem Koha |
|---|---|---|---|---|---|---|---|---|---|---|---|---|---|---|---|
| Libros del s. XIX | Biblioteca del Ateneo de Madrid | Biblioteca del Ateneo de Madrid | Sala Pecera Planta 3 | 17/01/2008 | G-11311 | 1165258 | 23/02/2023 | 23/02/2023 | Libro impreso antiguo |
